Introduction to wireless digital communication. A signal processing perspective.

Zapisane w:
Opis bibliograficzny
1. autor: Heath, Robert W., Jr (Autor)
Format: Nieznany
Wydane: [Place of publication not identified]: Pearson, 2017.
Seria:Pearson Communications Engineering and Emerging Technologies Series.
Hasła przedmiotowe:
Etykiety: Dodaj etykietę
Nie ma etykietki, Dołącz pierwszą etykiete!

MARC

LEADER 00000 a2200000 4500
003 CL-VaPUC
005 20240402163510.0
008 240319t2017 ||||| |||| 00| 0 eng d
999 |c 443198  |d 443196 
020 |a 978-0134431796 
040 |c Pontificia Universidad Católica de Valparaíso 
082 7 |a 621.382 HEA 2017  |2 22 
100 |a Heath, Robert W.,   |9 887688  |c Jr.  |e author 
245 |a Introduction to wireless digital communication.  |b A signal processing perspective.  
260 |a [Place of publication not identified]:  |b Pearson,  |c 2017. 
300 |a xix, 442 páginas.  
490 |a Pearson Communications Engineering and Emerging Technologies Series. 
583 |k GC  |c 20240319 
650 |a Comunicaciones digitales  |9 887825 
650 0 |a Sistemas de comunicación inalámbrica  |9 681406 
942 |2 ddc  |c BK 
952 |0 0  |1 0  |2 ddc  |4 0  |6 621_382000000000000_HEA_2017  |7 0  |8 A  |9 593726  |a BIBING  |b BIBING  |d 2024-03-19  |e 1  |g 92732.00  |i 5660414  |o 621.382 HEA 2017  |p 5660414  |r 2025-01-20  |t 1  |v 92732.00  |w 2024-03-19  |y BK  |k EIE